DIY futures : people's ideas & projects for a better world

Αποθηκεύτηκε σε:
Λεπτομέρειες βιβλιογραφικής εγγραφής
Άλλοι συγγραφείς: Albery, Nicholas (Επιμελητής έκδοσης)
Μορφή: Βιβλίο
Γλώσσα:English
Δημοσίευση: London : Institute for Social Inventions, 1996.
Θέματα:
Ετικέτες: Προσθήκη ετικέτας
Δεν υπάρχουν, Καταχωρήστε ετικέτα πρώτοι!

MARC

LEADER 00000cam a2200000 i 4500
001 1/72
008 000403s1996 enk| ||| |||| ||eng||
020 |a 0948826401 
035 |l 10059527 
040 |a GR-MyUa  |b gre  |e AACR2 
041 0 |a eng 
082 7 |a 303.4   |2 (22) 
245 0 0 |a DIY futures :   |b people's ideas & projects for a better world /   |c edited by Nicholas Albery... [et al.]. 
260 |a London :   |b Institute for Social Inventions,   |c 1996. 
300 |a 288 σ. ;   |c 21 εκ. 
650 0 |a Social change. 
700 1 |a Albery, Nicholas,  |e edt 
852 |a INST  |b LESVOS  |e 20000403  |h 303.4 DIY  |p 005100024279  |q 005100024279  |t BK  |y 0 
922 |a 1ΕΛΗ  |b 200001  |c ΚΠΣ/ΤΓ  |d LEADER 
970 |z 2000/08/ELIDOC